| 000 | 00574nam a2200169 i 4500 | ||
|---|---|---|---|
| 001 | 75632 | ||
| 003 | ES-MaACL | ||
| 005 | 20230906172529.0 | ||
| 007 | t| | ||
| 008 | 040927s1946 sp |||| | spa d | ||
| 100 | 1 |
_aGual Villalbí, Pedro. _960287 |
|
| 245 | 1 | 0 |
_aSignificación social de nuestra industria textil _b: su papel en la economía y la política economia nacionales / _cconferencia de Pedro Gual Villalbí. |
| 260 |
_aBarcelona : _bAriel, _c[1946] |
||
| 300 |
_a29 p. ; _c24 cm. |
||
| 650 | 4 |
_aIndustria textil- _zEspaña. _9159884 |
|
| 852 |
_aES-MaACL _j1855-F-5 |
||
| 999 |
_c75632 _d75632 |
||